000 00780nam a22002297a 4500
003 URS
005 20260316154301.0
008 260316b |||||||| |||| 00| 0 eng d
040 _aDLC
_beng
_cDLC
_dURS
_erda
050 _aBC 108
_b.M1241 1971
100 _aMcCall, Raymond J.
245 _aBasic logic:
_bthe fundamental principles of formal deductive reasoning/
_cRaymond J. McCall.-
250 _asecond edition-
264 _aNew York:
_bBarnes & Noble, Inc.,
_c1971
300 _axxvi, 235 pages:
_billustrations;
_c20 centimeters.
336 _2rdacontent
_atext
_btxt
337 _2rdamedia
_aunmediated
_bn
338 _2rdacarrier
_avolume
_bnc
500 _aIncludes index.
650 _2Logic
942 _2lcc
_cFR
_esecond edition
_hBC 108
_i.M1241 1971
999 _c99081
_d99078